Score 0/20 Timer 02:00
0 Plays Today
Clue 4-Letter Word % Correct
Ping-___; table tennisPONG
97.9%
Where your nose is• FACE •
97%
Femur or tibia, e.g.BONE
96.1%
Where water lilies growPOND
94.9%
Breathe like a tired dogPANT
94.5%
___ wolf; recluseLONE
92.6%
Twinge of hungerPANG
92.3%
Veal or beef, e.g.MEAT
91.2%
Safe stock alternativeBOND
90.4%
Brand of pepper sprayMACE
89.6%
Clue 4-Letter Word % Correct
Kilometer's cousinMILE
88.1%
Alliance or treatyPACT
85.7%
Indisputable thingFACT
85.6%
Spot in CongressSEAT
85%
Tabby targetsMICE
83.2%
To yearn for
OR [Rung 1][Rung 11]: Glum expression
• LONG •
72.4%
Sultan of ___ (Babe Ruth)SWAT
66.8%
To exchange
OR [Rung 11][Rung 20]: Snapchat feature
• SWAP •
66.3%
Tuna sandwichMELT
62.9%
Jazz man Jackson or Hilton, e.g.MILT
60%

Today's Daily Dose

Remove Ads.
Support Sporcle.
Get the best of Sporcle when you Go Orange. This ad-free experience offers more features, more stats, and more fun while also helping to support Sporcle. Thank you for becoming a member.

You're not logged in!

Compare scores with friends on all Sporcle quizzes.
OR
Log In

Show Comments

Extras

Top Quizzes Today


Score Distribution

Your Account Isn't Verified!

In order to create a playlist on Sporcle, you need to verify the email address you used during registration. Go to your Sporcle Settings to finish the process.

Report this User

Report this user for behavior that violates our Community Guidelines.

Details: